Central Library OPAC University of Rajshahi

A Text book of physical chemistry / (Record no. 9883)

MARC details
000 -LEADER
fixed length control field 00718cam a22002412 4500
001 - CONTROL NUMBER
control field 9883
003 - CONTROL NUMBER IDENTIFIER
rucl marc code BD-RjUL
005 - DATE AND TIME OF LATEST TRANSACTION
control field 20211208234845.0
008 - FIXED-LENGTH DATA ELEMENTS--GENERAL INFORMATION
fixed length control field 140122s1960 enka 00| 0 eng d
035 ## - SYSTEM CONTROL NUMBER
System control number OCLC ocm37020329 from D971028M
-- (BD-RjUL)9928
040 ## - CATALOGING SOURCE
Original cataloging agency DLC
Transcribing agency IUL
Modifying agency BD-RjUL
Language of cataloging eng
041 ## - LANGUAGE CODE
Language code of text/sound track or separate title eng
082 04 - DEWEY DECIMAL CLASSIFICATION NUMBER
Classification number 541
Author mark and year SMT 1960
100 1# - MAIN ENTRY--PERSONAL NAME
Personal name Smith, Sylvanus Joseph.
9 (RLIN) 30539
245 10 - TITLE STATEMENT
Title A Text book of physical chemistry /
Statement of responsibility, etc. by Sylvanus J.Smith.
250 ## - EDITION STATEMENT
Edition statement 3ed.ed.
260 ## - PUBLICATION, DISTRIBUTION, ETC. (IMPRINT)
Place of publication, distribution, etc. London :
Name of publisher, distributor, etc. Macmillan and co., limited,
Date of publication, distribution, etc. 1960
300 ## - PHYSICAL DESCRIPTION
Pagination xii, 354 p. :
Illustrations ill. ;
Size 20 cm.
504 ## - BIBLIOGRAPHY, ETC. NOTE
Bibliography, etc includes index
650 #0 - SUBJECT ADDED ENTRY--TOPICAL TERM
Topical term or geographic name as entry element Chemistry, Physical and theoretical.
9 (RLIN) 30540
942 ## - ADDED ENTRY ELEMENTS (KOHA)
Source of classification or shelving scheme Dewey Decimal Classification
Koha item type Books
Holdings
Lost status Source of classification or shelving scheme Damaged status Not for loan Collection code Permanent Location Current Location Shelving location Date acquired Source of acquisition Cost, normal purchase price Total Checkouts Full call number Date last seen Copy number Koha item type
  Dewey Decimal Classification     Non-fiction Central Library, University of Rajshahi Central Library, University of Rajshahi   10/12/1963 Zeitlinger 24.00   541 SMT 1960 22/01/2014 C-3 Books
  Dewey Decimal Classification   Not For Loan Non-fiction Central Library, University of Rajshahi Central Library, University of Rajshahi Reading Room 10/12/1963 Zeitlinger 24.00   541 SMT 1960 14/05/2017 C-1 Books
  Dewey Decimal Classification     Non-fiction Central Library, University of Rajshahi Central Library, University of Rajshahi   10/12/1963 Zeitlinger 24.00   541 SMT 1960 14/05/2017 C-2 Books
  Dewey Decimal Classification     Non-fiction Central Library, University of Rajshahi Central Library, University of Rajshahi   10/12/1963 Zeitlinger 24.00   541 SMT 1960 14/05/2017 C-4 Books
  Dewey Decimal Classification     Non-fiction Central Library, University of Rajshahi Central Library, University of Rajshahi   10/12/1963 Zeitlinger 24.00   541 SMT 1960 14/05/2017 C-5 Books
  Dewey Decimal Classification     Non-fiction Central Library, University of Rajshahi Central Library, University of Rajshahi   10/12/1963 Zeitlinger 24.00   541 SMT 1960 14/05/2017 C-6 Books